00429 2200169 4500001002100000008004100021035002000062245003200082100001600114260003300130300001300163020002200176084001400198082000800212650002000220990001900240INLIS000000000001482 ind  a0010-0724001482 aI Have A DreamcFita Chakra aFita Chakra aJakarta :bNoura Booksc2012 a196 hlm. a978-602-7816-03-9 a813 FIT i a813 aFiksi Indonesia aP29/CP/24/1482